[Event "AUT-chT 1999/2000"]
[Site "Fürstenfeld"]
[Date "2000.01.14"]
[Round "6.2"]
[White "Stanec, Nikolaus"]
[Black "Loeffler, Stefan"]
[Result "1-0"]
[WhiteElo "2495"]
[BlackElo "2412"]
[PlyCount "75"]
[EventDate "2000.01.14"]

1. c4 e6 2. Nc3 d5 3. cxd5 exd5 4. d4 c6 5. Qc2 Bd6 6. Nf3 Ne7 7. Bg5 Bg4 8. e3
Nd7 9. Bd3 Qc7 10. Bxe7 Kxe7 11. Nh4 Nf6 12. h3 Be6 13. O-O Rae8 14. Rac1 a6
15. e4 dxe4 16. Nxe4 Nxe4 17. Bxe4 Kf8 18. b3 Qe7 19. Nf3 Bb4 20. Ne5 Rd8 21.
Rcd1 g6 22. Qb2 Kg8 23. Nd3 Bd6 24. Nc5 Bc8 25. Bf3 h5 26. Rfe1 Qc7 27. Ne4 Be7
28. d5 cxd5 29. Nf6+ Bxf6 30. Qxf6 Be6 31. Bxd5 Bxd5 32. Rxd5 Kh7 33. Re7 Qc1+
34. Kh2 Rxd5 35. Rxf7+ Kh6 36. Qxh8+ Kg5 37. f4+ Kh4 38. g3# 1-0

[Event "AUT-chT 1999/2000"]
[Site "Fürstenfeld"]
[Date "2000.01.14"]
[Round "6.3"]
[White "Popovic, Petar"]
[Black "Kindermann, Stefan"]
[Result "1/2-1/2"]
[WhiteElo "2473"]
[BlackElo "2532"]
[PlyCount "25"]
[EventDate "2000.01.14"]

1. e4 e6 2. d4 d5 3. Nd2 Be7 4. Bd3 c5 5. dxc5 Nf6 6. Qe2 Nc6 7. Ngf3 Bxc5 8.
O-O Qc7 9. b3 Nd4 10. Nxd4 Bxd4 11. Rb1 O-O 12. Ba3 Rd8 13. c4 1/2-1/2

[Event "AUT-chT 1999/2000"]
[Site "Fürstenfeld"]
[Date "2000.01.14"]
[Round "6.4"]
[White "Teske, Henrik"]
[Black "Lau, Ralf"]
[Result "1/2-1/2"]
[WhiteElo "2514"]
[BlackElo "2502"]
[PlyCount "80"]
[EventDate "2000.01.14"]

1. d4 d5 2. c4 e6 3. Nc3 Be7 4. cxd5 exd5 5. Bf4 c6 6. e3 Nd7 7. Bd3 Nf8 8.
Nge2 Ng6 9. Bg3 Nf6 10. f3 O-O 11. O-O b6 12. e4 dxe4 13. fxe4 Bb7 14. Qb3 Nh5
15. Bc4 Qe8 16. Rf3 b5 17. Raf1 bxc4 18. Qxb7 Qc8 19. Qxc8 Raxc8 20. Bf2 Rb8
21. e5 f5 22. Be1 c5 23. Rxf5 cxd4 24. Rxh5 dxc3 25. Bxc3 Bc5+ 26. Bd4 Bxd4+
27. Nxd4 Rxb2 28. e6 Rd2 29. Rd5 c3 30. Rd7 a5 31. Rff7 Rd1+ 32. Kf2 c2 33.
Nxc2 Rxd7 34. Rxf8+ Kxf8 35. exd7 Ke7 36. Nd4 Ne5 37. Nf5+ Kxd7 38. Nxg7 Kc6
39. Nf5 Kc5 40. Ke2 Kb4 1/2-1/2

[Event "AUT-chT 1999/2000"]
[Site "Fürstenfeld"]
[Date "2000.01.14"]
[Round "6.5"]
[White "Penz, Harald"]
[Black "Wittmann, Walter"]
[Result "1/2-1/2"]
[WhiteElo "2403"]
[BlackElo "2380"]
[PlyCount "30"]
[EventDate "2000.01.14"]

1. e4 c5 2. g3 Nc6 3. Bg2 g6 4. f4 Bg7 5. Nf3 d6 6. O-O e6 7. c3 Nge7 8. Na3
O-O 9. d3 b6 10. Qe2 Qd7 11. Be3 Ba6 12. Rad1 Rae8 13. Rfe1 f5 14. Qd2 e5 15.
Nc2 Bb7 1/2-1/2

[Event "AUT-chT 1999/2000"]
[Site "Fürstenfeld"]
[Date "2000.01.14"]
[Round "6.6"]
[White "Watzka, Horst"]
[Black "Bawart, Markus"]
[Result "1/2-1/2"]
[WhiteElo "2361"]
[BlackElo "2395"]
[PlyCount "82"]
[EventDate "2000.01.14"]

1. e4 c5 2. Nf3 Nc6 3. d4 cxd4 4. Nxd4 e5 5. Nb5 d6 6. N1c3 a6 7. Na3 b5 8. Nd5
Nf6 9. Bg5 Be7 10. Bxf6 Bxf6 11. c4 b4 12. Nc2 Rb8 13. b3 O-O 14. g3 Bg5 15.
Bg2 Be6 16. O-O a5 17. Qd3 a4 18. Rad1 Qa5 19. f4 Bd8 20. Kh1 axb3 21. axb3
exf4 22. gxf4 Bxd5 23. exd5 Ne7 24. f5 Bb6 25. Qg3 Bc5 26. Bh3 Kh8 27. f6 Ng6
28. fxg7+ Kxg7 29. Nd4 Bxd4 30. Rxd4 Rbd8 31. Bf5 Qa2 32. Rdf4 Qb2 33. Bxg6
hxg6 34. Qf3 f5 35. Rf2 Qf6 36. Qd1 Rfe8 37. Qd2 Rb8 38. R4f3 Re4 39. Rh3 Qd4
40. Qxd4+ Rxd4 41. Re2 Re4 1/2-1/2

[Event "AUT-chT 1999/2000"]
[Site "Fürstenfeld"]
[Date "2000.01.14"]
[Round "6.1"]
[White "Lanka, Zigurds"]
[Black "Ribli, Zoltan"]
[Result "1/2-1/2"]
[WhiteElo "2501"]
[BlackElo "2579"]
[PlyCount "54"]
[EventDate "2000.01.14"]

1. e4 c5 2. Nf3 e6 3. d4 cxd4 4. Nxd4 Nc6 5. Nc3 Qc7 6. Be2 a6 7. O-O Nf6 8.
Kh1 Be7 9. f4 d6 10. Be3 O-O 11. Qe1 Nxd4 12. Bxd4 b5 13. a3 Bb7 14. Qg3 Rad8
15. Rae1 Rfe8 16. Bf3 g6 17. Qf2 Nd7 18. f5 Bf8 19. fxe6 fxe6 20. Bg4 Ne5 21.
Bh3 Qe7 22. a4 bxa4 23. Nxa4 Bg7 24. b3 Rf8 25. Qe3 h5 26. Nb2 g5 27. g3 g4
1/2-1/2

[Event "AUT-chT 1999/2000"]
[Site "Fürstenfeld"]
[Date "2000.01.14"]
[Round "6.2"]
[White "Weinzettl, Ernst"]
[Black "Maiwald, Jens-Uwe"]
[Result "1/2-1/2"]
[WhiteElo "2401"]
[BlackElo "2507"]
[PlyCount "33"]
[EventDate "2000.01.14"]

1. e4 c5 2. Nf3 e6 3. d3 Nc6 4. g3 d5 5. Nbd2 Bd6 6. Bg2 Nge7 7. O-O O-O 8. Re1
Bc7 9. c3 h6 10. a3 a5 11. a4 Kh8 12. Nh4 Ne5 13. Qe2 d4 14. c4 N5g6 15. Nxg6+
Nxg6 16. f4 f5 17. Nb3 1/2-1/2

[Event "AUT-chT 1999/2000"]
[Site "Fürstenfeld"]
[Date "2000.01.14"]
[Round "6.3"]
[White "Gross, David"]
[Black "Herzog, Adolf"]
[Result "0-1"]
[WhiteElo "2427"]
[BlackElo "2399"]
[PlyCount "126"]
[EventDate "2000.01.14"]

1. e4 e6 2. d4 d5 3. Nc3 Bb4 4. e5 c5 5. a3 Bxc3+ 6. bxc3 Ne7 7. a4 b6 8. a5
Ba6 9. axb6 axb6 10. Bb5+ Bxb5 11. Rxa8 Qc7 12. Ra3 O-O 13. Ne2 Nbc6 14. Be3
Nf5 15. h4 Bxe2 16. Kxe2 cxd4 17. cxd4 Ncxd4+ 18. Bxd4 Qc4+ 19. Qd3 Nxd4+ 20.
Kd2 Qb4+ 21. Qc3 Qe7 22. Ra4 Nf5 23. Qa3 Qc7 24. Ra8 Qc5 25. Qxc5 bxc5 26. Ra7
h5 27. g3 Nd4 28. f4 Nf5 29. Ra3 Rb8 30. Rha1 Rb2 31. Kc1 Rb4 32. Kd2 Rd4+ 33.
Ke2 Re4+ 34. Kf2 Rc4 35. c3 Kh7 36. R1a2 Kg6 37. Rd2 Re4 38. Rd3 c4 39. Rf3 Nh6
40. Ra2 Ng4+ 41. Kg2 Kf5 42. Kg1 Re1+ 43. Kg2 Ke4 44. Rd2 Rg1+ 45. Kxg1 Kxf3
46. f5 Kxg3 47. fxe6 fxe6 48. Rb2 Kf4 49. Rb7 g6 50. Rg7 Nxe5 51. Kf2 Nd3+ 52.
Kf1 Kf5 53. Ke2 Ke4 54. Rf7 Nf4+ 55. Kf2 e5 56. Re7 Nd3+ 57. Ke2 Nc5 58. Rc7
Ne6 59. Re7 Nf4+ 60. Kf2 g5 61. hxg5 Nh3+ 62. Ke2 Nxg5 63. Re8 Nh3 0-1

[Event "AUT-chT 1999/2000"]
[Site "Fürstenfeld"]
[Date "2000.01.14"]
[Round "6.4"]
[White "Staudner, Oliver"]
[Black "Proehl, Holger"]
[Result "1/2-1/2"]
[WhiteElo "2368"]
[BlackElo "2389"]
[PlyCount "33"]
[EventDate "2000.01.14"]

1. e4 e6 2. Qe2 c5 3. g3 Nc6 4. Nf3 d6 5. Bg2 g6 6. h4 Bg7 7. d3 h6 8. c3 Nge7
9. Be3 Rb8 10. O-O e5 11. b4 b6 12. Qd2 cxb4 13. cxb4 d5 14. Qb2 d4 15. Bd2 b5
16. Nh2 O-O 17. f4 1/2-1/2

[Event "AUT-chT 1999/2000"]
[Site "Fürstenfeld"]
[Date "2000.01.14"]
[Round "6.5"]
[White "Kleissl, Helmut"]
[Black "Roth, Peter"]
[Result "0-1"]
[WhiteElo "2279"]
[BlackElo "2312"]
[PlyCount "84"]
[EventDate "2000.01.14"]

1. c4 d6 2. d4 Nf6 3. Nc3 Nbd7 4. g3 e5 5. Bg2 c6 6. Nf3 Be7 7. O-O O-O 8. Qc2
Qc7 9. h3 Re8 10. Be3 Bf8 11. Rac1 exd4 12. Bxd4 Ne5 13. Ne4 Nxe4 14. Qxe4 f5
15. Qf4 Qe7 16. Rfe1 Nf7 17. h4 g6 18. Qd2 Bh6 19. e3 Bd7 20. Rcd1 Be6 21. b3
d5 22. Bb2 dxc4 23. Qc3 cxb3 24. Ng5 Nxg5 25. hxg5 Bg7 26. Qxg7+ Qxg7 27. Bxg7
Kxg7 28. axb3 Rad8 29. b4 Rxd1 30. Rxd1 Kf7 31. Bf3 Ke7 32. Kg2 Rd8 33. Rh1 Bg8
34. Rh4 Kd6 35. e4 fxe4 36. Bxe4 Ke5 37. b5 cxb5 38. Bxb7 Rb8 39. f4+ Kd6 40.
Be4 b4 41. Rh1 a5 42. Ra1 Rb5 0-1

[Event "AUT-chT 1999/2000"]
[Site "Fürstenfeld"]
[Date "2000.01.14"]
[Round "6.6"]
[White "Plank, Franz"]
[Black "Schiestl, Josef"]
[Result "1/2-1/2"]
[WhiteElo "2264"]
[BlackElo "2204"]
[PlyCount "46"]
[EventDate "2000.01.14"]

1. d4 Nf6 2. Nf3 g6 3. c4 Bg7 4. Nc3 d6 5. Bg5 O-O 6. Qd2 Nbd7 7. Bh6 e5 8.
Bxg7 Kxg7 9. e3 Re8 10. h3 c6 11. Be2 Qe7 12. O-O-O Nf8 13. g4 h6 14. Rhg1 e4
15. Ne1 a6 16. Nc2 Rb8 17. f3 b5 18. Nxe4 Nxe4 19. fxe4 bxc4 20. Bxc4 Qxe4 21.
Rgf1 d5 22. Bd3 Qe7 23. Rf3 Nh7 1/2-1/2

[Event "AUT-chT 1999/2000"]
[Site "Fürstenfeld"]
[Date "2000.01.15"]
[Round "7.1"]
[White "Ribli, Zoltan"]
[Black "Hertneck, Gerald"]
[Result "1/2-1/2"]
[WhiteElo "2579"]
[BlackElo "2571"]
[PlyCount "29"]
[EventDate "2000.01.15"]

1. Nf3 Nf6 2. c4 e6 3. g3 b6 4. Bg2 Bb7 5. Nc3 Be7 6. d4 Ne4 7. Bd2 O-O 8. d5
Nxc3 9. Bxc3 Bf6 10. Rc1 a5 11. O-O Na6 12. Nd4 Nc5 13. e4 d6 14. Qc2 e5 15.
Nf5 1/2-1/2

[Event "AUT-chT 1999/2000"]
[Site "Fürstenfeld"]
[Date "2000.01.15"]
[Round "7.2"]
[White "Tischbierek, Raj"]
[Black "Weinzettl, Ernst"]
[Result "0-1"]
[WhiteElo "2544"]
[BlackElo "2401"]
[PlyCount "78"]
[EventDate "2000.01.15"]

1. e4 e6 2. d4 d5 3. Nc3 Nf6 4. Bg5 Be7 5. e5 Nfd7 6. Bxe7 Qxe7 7. f4 O-O 8.
Nf3 c5 9. Qd2 Nc6 10. dxc5 f6 11. exf6 Qxf6 12. g3 Nxc5 13. Bd3 Nxd3+ 14. Qxd3
Bd7 15. O-O Be8 16. Rae1 Bg6 17. Qd2 Rac8 18. Nd1 Rfd8 19. Rf2 Bf5 20. c3 h6
21. Ne3 Be4 22. Ng4 Qf5 23. Nge5 Qf8 24. Qe3 Nxe5 25. Nxe5 Qc5 26. Qxc5 Rxc5
27. Rd2 Rcc8 28. Rd4 g5 29. Ra4 a6 30. Rb4 gxf4 31. gxf4 Rc7 32. Re3 Rf8 33.
Rb6 Re7 34. Rg3+ Kh7 35. Rg4 h5 36. Rg5 Kh6 37. Rd6 Rxf4 38. Rg8 Rf5 39. Rg6+
Kh7 0-1

[Event "AUT-chT 1999/2000"]
[Site "Fürstenfeld"]
[Date "2000.01.15"]
[Round "7.3"]
[White "Herzog, Adolf"]
[Black "Ankerst, Michael"]
[Result "1/2-1/2"]
[WhiteElo "2399"]
[BlackElo "2353"]
[PlyCount "182"]
[EventDate "2000.01.15"]

1. e4 c5 2. Nf3 e6 3. d3 Nc6 4. g3 Nge7 5. Bg2 g6 6. O-O Bg7 7. c3 O-O 8. Nbd2
d6 9. Qe2 Rb8 10. Nb3 e5 11. Nh4 Be6 12. f4 exf4 13. Bxf4 Qd7 14. Nf3 Rbd8 15.
Rf2 Bh3 16. Raf1 Bxg2 17. Kxg2 h6 18. Qd2 Kh7 19. Qc1 b6 20. h3 Ne5 21. Ne1 f5
22. Nd2 N5c6 23. exf5 Nxf5 24. Ndf3 Rde8 25. Nc2 Qb7 26. Kh2 Qa6 27. Nce1 Qxa2
28. g4 Nfe7 29. Bxd6 Qe6 30. Bg3 Nd5 31. Ng2 Qd7 32. Qd2 a6 33. Kg1 b5 34. Nf4
b4 35. Nxd5 Qxd5 36. Kh2 a5 37. Nh4 Rxf2+ 38. Rxf2 a4 39. c4 Qe6 40. Ng2 a3 41.
bxa3 bxa3 42. Nf4 Qe1 43. Qa2 Qa5 44. Nd5 Nb4 45. Nxb4 Qxb4 46. Rd2 Re7 47. Bf2
Bb2 48. Rc2 Rb7 49. Re2 Qb3 50. Re7+ Bg7 51. Qxb3 Rxb3 52. Ra7 Rb2 53. Kg3 a2
54. Bxc5 Kh8 55. d4 Rc2 56. Kf4 Rxc4 57. Rxa2 Bxd4 58. Bxd4+ Rxd4+ 59. Ke5 Rd3
60. Kf6 Rd6+ 61. Kf7 Kh7 62. Ra7 Rb6 63. Re7 Ra6 64. h4 Rb6 65. g5 hxg5 66.
hxg5 Ra6 67. Re1 Ra7+ 68. Kf6 Ra8 69. Kf7 Ra7+ 70. Re7 Ra6 71. Kf8+ Kh8 72. Re2
Ra8+ 73. Kf7 Ra7+ 74. Kf6 Ra8 75. Kf7 Ra7+ 76. Kf6 Ra8 77. Re7 Kg8 78. Rg7+ Kh8
79. Re7 Kg8 80. Rg7+ Kh8 81. Re7 Kg8 82. Kxg6 Ra6+ 83. Kh5 Ra8 84. Rb7 Rc8 85.
Kh6 Ra8 86. g6 Rc8 87. Rg7+ Kh8 88. Rf7 Kg8 89. Rg7+ Kh8 90. Rf7 Kg8 91. Rg7+
Kh8 1/2-1/2

[Event "AUT-chT 1999/2000"]
[Site "Fürstenfeld"]
[Date "2000.01.15"]
[Round "7.4"]
[White "Opl, Klaus"]
[Black "Staudner, Oliver"]
[Result "1/2-1/2"]
[WhiteElo "2330"]
[BlackElo "2368"]
[PlyCount "34"]
[EventDate "2000.01.15"]

1. e4 e6 2. d4 d5 3. Nc3 Bb4 4. Bd2 Nc6 5. a3 Ba5 6. exd5 exd5 7. Nf3 Bg4 8.
Be2 Nge7 9. Ne5 Bxe2 10. Nxe2 Bb6 11. Nxc6 Nxc6 12. Be3 Qf6 13. Qd3 Ne7 14. Ng3
c6 15. O-O-O Qg6 16. Bf4 O-O-O 17. h4 Qg4 1/2-1/2

[Event "AUT-chT 1999/2000"]
[Site "Fürstenfeld"]
[Date "2000.01.15"]
[Round "7.5"]
[White "Roth, Peter"]
[Black "Druckenthaner, Andreas"]
[Result "1/2-1/2"]
[WhiteElo "2312"]
[BlackElo "2300"]
[PlyCount "41"]
[EventDate "2000.01.15"]

1. e4 e5 2. Nf3 Nc6 3. Nc3 Nf6 4. g3 Bc5 5. Bg2 d6 6. d3 a6 7. h3 h6 8. Qe2 Be6
9. Be3 Bxe3 10. Qxe3 Nb4 11. Qd2 c5 12. g4 Nh7 13. Ne2 Ng5 14. Nh2 d5 15. c3
Nc6 16. Ng3 dxe4 17. h4 Nf3+ 18. Nxf3 exf3 19. Bxf3 c4 20. dxc4 Qxd2+ 21. Kxd2
1/2-1/2

[Event "AUT-chT 1999/2000"]
[Site "Fürstenfeld"]
[Date "2000.01.15"]
[Round "7.6"]
[White "Eichler, Christoph"]
[Black "Plank, Franz"]
[Result "1/2-1/2"]
[WhiteElo "2234"]
[BlackElo "2264"]
[PlyCount "25"]
[EventDate "2000.01.15"]

1. d4 d5 2. Bf4 c5 3. e3 cxd4 4. exd4 Nc6 5. Nf3 Bg4 6. Nbd2 e6 7. c3 Bd6 8.
Bg3 Nge7 9. Qb3 Rb8 10. Bd3 a6 11. O-O Bf5 12. Bxf5 Nxf5 13. Bxd6 1/2-1/2

[Event "AUT-chT 1999/2000"]
[Site "Fürstenfeld"]
[Date "2000.01.15"]
[Round "7.1"]
[White "Chernin, Alexandere"]
[Black "Lanka, Zigurds"]
[Result "1/2-1/2"]
[WhiteElo "2606"]
[BlackElo "2501"]
[PlyCount "91"]
[EventDate "2000.01.15"]

1. c4 Nf6 2. Nc3 g6 3. g3 c5 4. Bg2 Nc6 5. a3 Bg7 6. Rb1 a5 7. Nh3 e5 8. d3 O-O
9. Ng5 d6 10. O-O Ne8 11. Nd5 Rb8 12. Ne4 Ne7 13. Bg5 f6 14. Nxe7+ Qxe7 15. Bd2
b6 16. b4 axb4 17. axb4 f5 18. Nc3 Be6 19. bxc5 dxc5 20. Rb3 Nc7 21. Qc2 e4 22.
Rfb1 exd3 23. exd3 g5 24. Rxb6 Rxb6 25. Rxb6 f4 26. Ne4 Bf5 27. Rb7 Bd4 28. Bc3
fxg3 29. Bxd4 gxh2+ 30. Kh1 cxd4 31. c5 Bxe4 32. Qc4+ Qf7 33. Qxf7+ Rxf7 34.
Bxe4 Kg7 35. f3 Kf6 36. Kxh2 Ke5 37. Kg3 h5 38. Ra7 h4+ 39. Kg4 Rf4+ 40. Kh3
Rf7 41. Rb7 Kf4 42. c6 Re7 43. Ra7 Rf7 44. Rb7 Re7 45. Ra7 Rf7 46. Rb7 1/2-1/2

[Event "AUT-chT 1999/2000"]
[Site "Fürstenfeld"]
[Date "2000.01.15"]
[Round "7.2"]
[White "Maiwald, Jens-Uwe"]
[Black "Stanec, Nikolaus"]
[Result "0-1"]
[WhiteElo "2507"]
[BlackElo "2495"]
[PlyCount "80"]
[EventDate "2000.01.15"]

1. e4 c5 2. Nc3 Nc6 3. f4 e6 4. Nf3 d5 5. Bb5 Nf6 6. d3 Be7 7. Bxc6+ bxc6 8.
O-O O-O 9. b3 c4 10. e5 Nd7 11. dxc4 dxc4 12. Be3 c5 13. bxc4 Bb7 14. Nb5 Bc6
15. Qe2 a6 16. Nc3 Rb8 17. Rab1 Qa5 18. Bd2 Rxb1 19. Rxb1 Qc7 20. Be1 Ba8 21.
Rb3 Re8 22. Bg3 Qc6 23. h4 Nb6 24. h5 h6 25. Bh4 Bxh4 26. Nxh4 Rd8 27. Qg4 Nxc4
28. Ne2 Kh8 29. Rg3 Rg8 30. Nc3 Qd7 31. Rd3 Qb7 32. Qe2 Qb4 33. Qf2 Nb2 34. Re3
Rd8 35. f5 Nd1 36. Nxd1 Rxd1+ 37. Kh2 Rd2 38. Qg3 Rd4 39. Kh3 Re4 40. Rb3 Rxh4+
0-1

[Event "AUT-chT 1999/2000"]
[Site "Fürstenfeld"]
[Date "2000.01.15"]
[Round "7.3"]
[White "Kindermann, Stefan"]
[Black "Gross, David"]
[Result "1/2-1/2"]
[WhiteElo "2532"]
[BlackElo "2427"]
[PlyCount "77"]
[EventDate "2000.01.15"]

1. e4 c5 2. Nf3 Nc6 3. d4 cxd4 4. Nxd4 Qc7 5. Nc3 e6 6. Be2 a6 7. O-O Nf6 8.
Kh1 Nxd4 9. Qxd4 Bc5 10. Qd3 b5 11. Bg5 Bb7 12. f4 b4 13. e5 Nd5 14. Nxd5 Bxd5
15. Bf3 Bxf3 16. Rxf3 d6 17. Rd1 dxe5 18. fxe5 Be7 19. Qe4 Rc8 20. Bxe7 Qxe7
21. c4 bxc3 22. Qa4+ Kf8 23. bxc3 Rc7 24. Qf4 h5 25. Rd6 Kg8 26. Rxa6 Kh7 27.
Qe4+ g6 28. h3 Rhc8 29. Qd4 Kg8 30. Rd6 Rc4 31. Qd2 R8c7 32. Rfd3 Re4 33. Re3
Rec4 34. Rd4 R4c5 35. a4 Qg5 36. Qe1 Ra7 37. Rb4 Raa5 38. Rb8+ Kg7 39. Rb5
1/2-1/2

[Event "AUT-chT 1999/2000"]
[Site "Fürstenfeld"]
[Date "2000.01.15"]
[Round "7.4"]
[White "Proehl, Holger"]
[Black "Teske, Henrik"]
[Result "1-0"]
[WhiteElo "2389"]
[BlackElo "2514"]
[PlyCount "80"]
[EventDate "2000.01.15"]

1. e4 c6 2. d4 d5 3. Nd2 dxe4 4. Nxe4 Nf6 5. Nxf6+ gxf6 6. c3 Bf5 7. Nf3 Qc7 8.
g3 Nd7 9. Bg2 O-O-O 10. O-O e5 11. Re1 h5 12. Qa4 a6 13. Be3 Bd6 14. Rad1 Bg4
15. d5 c5 16. Nh4 Nb6 17. Qb3 f5 18. f3 f4 19. fxg4 fxe3 20. c4 hxg4 21. Be4
Kb8 22. Rxe3 Nc8 23. Rf1 Bf8 24. Nf5 Qa5 25. Qc2 Bh6 26. Ra3 Qc7 27. Rb3 Nd6
28. Qe2 Ka7 29. Nxd6 Rxd6 30. Qxg4 b5 31. Qf5 bxc4 32. Rc3 Rb8 33. Qh7 Rb7 34.
Rcf3 f5 35. Qxc7 Rxc7 36. Rxf5 Be3+ 37. Kh1 Bd4 38. Rf6 Rb6 39. Rxb6 Kxb6 40.
h4 c3 1-0

[Event "AUT-chT 1999/2000"]
[Site "Fürstenfeld"]
[Date "2000.01.15"]
[Round "7.5"]
[White "Wittmann, Walter"]
[Black "Kleissl, Helmut"]
[Result "1-0"]
[WhiteElo "2380"]
[BlackElo "2279"]
[PlyCount "51"]
[EventDate "2000.01.15"]

1. e4 d6 2. d4 Nf6 3. Nc3 c6 4. f4 Qa5 5. Bd3 e5 6. Nf3 Bg4 7. Be3 Qb4 8. a3
Bxf3 9. Qxf3 Qxb2 10. Kd2 exf4 11. Rhb1 fxe3+ 12. Qxe3 Qxa1 13. Rxa1 Nbd7 14.
Rb1 O-O-O 15. Qg5 Nb6 16. a4 d5 17. Qf5+ Kb8 18. e5 Ne4+ 19. Nxe4 dxe4 20. Qxe4
Nd5 21. c3 Ka8 22. Bc4 Be7 23. Bxd5 Rxd5 24. Qf5 f6 25. Qe6 Re8 26. Qf7 1-0

[Event "AUT-chT 1999/2000"]
[Site "Fürstenfeld"]
[Date "2000.01.15"]
[Round "7.6"]
[White "Schiestl, Josef"]
[Black "Watzka, Horst"]
[Result "0-1"]
[WhiteElo "2204"]
[BlackElo "2361"]
[PlyCount "74"]
[EventDate "2000.01.15"]

1. e4 c5 2. Nf3 e6 3. d4 cxd4 4. Nxd4 a6 5. Nc3 b5 6. Bd3 Qb6 7. Nf3 d6 8. O-O
Be7 9. Qe2 Nd7 10. a3 Ngf6 11. Bd2 O-O 12. e5 dxe5 13. Nxe5 Nxe5 14. Qxe5 Bb7
15. Qg3 Rfd8 16. Rfe1 Rac8 17. Rad1 Qc6 18. Ne4 Nxe4 19. Bxe4 Qxe4 20. Rxe4
Bxe4 21. Qe3 Rc4 22. c3 Bc2 23. Rc1 Bc5 24. Qe1 Re4 25. Be3 Bb3 26. Qe2 f5 27.
Qf3 Rd3 28. Qxe4 fxe4 29. Bxc5 Rd2 30. Re1 Rxb2 31. g3 Kf7 32. Kg2 Bd5 33. Re3
Rb1 34. Kh3 Kf6 35. Re2 Kf5 36. Be3 Rb3 37. Bd4 g5 0-1

[Event "AUT-chT 1999/2000"]
[Site "Fürstenfeld"]
[Date "2000.01.15"]
[Round "7.1"]
[White "Mueller, Karsten"]
[Black "Hracek, Zbynek"]
[Result "1/2-1/2"]
[WhiteElo "2533"]
[BlackElo "2629"]
[PlyCount "62"]
[EventDate "2000.01.15"]

1. Nf3 Nf6 2. g3 d5 3. Bg2 c6 4. O-O Bg4 5. d3 Nbd7 6. h3 Bh5 7. Qe1 e5 8. e4
dxe4 9. dxe4 Bc5 10. Nbd2 O-O 11. Nc4 Re8 12. b4 Bf8 13. Bb2 Qc7 14. Nh4 b5 15.
Ne3 Nb6 16. Rb1 c5 17. a3 Rad8 18. f4 Nfd7 19. f5 f6 20. g4 Bf7 21. Nf3 Nc4 22.
Nxc4 Bxc4 23. Rf2 cxb4 24. axb4 a5 25. Ba3 a4 26. h4 Nb6 27. g5 Bf7 28. Bf1 Nc4
29. Bc1 Bh5 30. Bd3 Kh8 31. Nh2 Rd4 1/2-1/2

[Event "AUT-chT 1999/2000"]
[Site "Fürstenfeld"]
[Date "2000.01.15"]
[Round "7.2"]
[White "Loeffler, Stefan"]
[Black "Volke, Karsten"]
[Result "0-1"]
[WhiteElo "2412"]
[BlackElo "2463"]
[PlyCount "52"]
[EventDate "2000.01.15"]

1. d4 Nf6 2. c4 e6 3. Nf3 b6 4. Nc3 Bb4 5. Bg5 h6 6. Bh4 Bxc3+ 7. bxc3 Bb7 8.
e3 d6 9. a4 Nc6 10. Bd3 Na5 11. O-O g5 12. Bg3 Qe7 13. Nd2 h5 14. f4 h4 15.
fxg5 Nd7 16. Bf4 e5 17. Re1 O-O-O 18. Qg4 Kb8 19. Bf5 Nf8 20. Re2 Ng6 21. h3
Rdg8 22. Rae1 Qe8 23. c5 exf4 24. exf4 Qxa4 25. Bd7 Qa3 26. cxd6 Qxd6 0-1

[Event "AUT-chT 1999/2000"]
[Site "Fürstenfeld"]
[Date "2000.01.15"]
[Round "7.3"]
[White "Horvath, Tamas"]
[Black "Popovic, Petar"]
[Result "1/2-1/2"]
[WhiteElo "2394"]
[BlackElo "2473"]
[PlyCount "47"]
[EventDate "2000.01.15"]

1. e4 c5 2. Nf3 d6 3. Bb5+ Bd7 4. Bxd7+ Qxd7 5. O-O Nc6 6. c3 d5 7. d3 e6 8.
Qe2 Nge7 9. Bf4 Ng6 10. Bg3 Be7 11. Nbd2 O-O 12. h4 dxe4 13. dxe4 Bd6 14. Qd3
Rfd8 15. Qxd6 Qxd6 16. Bxd6 Rxd6 17. Nc4 Rd7 18. Rfd1 Rad8 19. Rxd7 Rxd7 20. a4
f6 21. Kf1 Rd3 22. Ne1 Rd7 23. Nf3 Rd3 24. Ne1 1/2-1/2

[Event "AUT-chT 1999/2000"]
[Site "Fürstenfeld"]
[Date "2000.01.15"]
[Round "7.4"]
[White "Lau, Ralf"]
[Black "Schwarz, Michael Dkfm."]
[Result "1/2-1/2"]
[WhiteElo "2502"]
[BlackElo "2374"]
[PlyCount "37"]
[EventDate "2000.01.15"]

1. e4 c6 2. d4 d5 3. Nc3 g6 4. h3 dxe4 5. Nxe4 Bg7 6. Nf3 Nd7 7. Bc4 Ngf6 8.
Nxf6+ Nxf6 9. c3 O-O 10. O-O Qd6 11. Re1 b5 12. Bb3 Bb7 13. Qe2 e6 14. Ne5 Nd5
15. Bd2 a5 16. a4 b4 17. Qf3 bxc3 18. bxc3 c5 19. dxc5 1/2-1/2

[Event "AUT-chT 1999/2000"]
[Site "Fürstenfeld"]
[Date "2000.01.15"]
[Round "7.5"]
[White "Danner, Georg"]
[Black "Penz, Harald"]
[Result "1-0"]
[WhiteElo "2407"]
[BlackElo "2403"]
[PlyCount "93"]
[EventDate "2000.01.15"]

1. d4 Nf6 2. Nf3 c5 3. d5 b5 4. a4 b4 5. c4 g6 6. b3 Bg7 7. Bb2 O-O 8. Nbd2 d6
9. e4 e5 10. g3 Ne8 11. Nh4 f5 12. exf5 g5 13. Ng2 Bxf5 14. Ne3 Bg6 15. Bg2 Nf6
16. Qe2 h5 17. f3 Nbd7 18. Bh3 Bh6 19. Bf5 Qe8 20. O-O Kh7 21. g4 Rh8 22. Ne4
Nxe4 23. fxe4 Nf6 24. gxh5 Bxf5 25. Nxf5 Qd8 26. Bc1 Rg8 27. Ra2 Ne8 28. Qg2
Bf8 29. h3 Ng7 30. Qg4 Qd7 31. Rg2 Nxf5 32. Rxf5 Rg7 33. Rgf2 Be7 34. Kh2 Rag8
35. Rg2 Bd8 36. Be3 Qe8 37. Qf3 Be7 38. Bd2 Rf8 39. Rxf8 Qxf8 40. Qxf8 Bxf8 41.
Bxg5 Be7 42. Be3 Rxg2+ 43. Kxg2 Bh4 44. Kf3 Kg7 45. Kg4 Bf6 46. Kf5 Kf7 47. Bg5
1-0

[Event "AUT-chT 1999/2000"]
[Site "Fürstenfeld"]
[Date "2000.01.15"]
[Round "7.6"]
[White "Bawart, Markus"]
[Black "Kotz, Heinz Peter"]
[Result "1/2-1/2"]
[WhiteElo "2395"]
[BlackElo "2260"]
[PlyCount "81"]
[EventDate "2000.01.15"]

1. e4 e5 2. Nf3 Nc6 3. Bc4 Nf6 4. Ng5 d5 5. exd5 Na5 6. Bb5+ c6 7. dxc6 bxc6 8.
Be2 h6 9. Nh3 Bd6 10. Nc3 O-O 11. d3 Nd5 12. O-O Nxc3 13. bxc3 Qh4 14. Kh1 Bf5
15. Ng1 e4 16. g3 Qf6 17. d4 c5 18. Be3 Rfd8 19. Qe1 Rab8 20. Rb1 Qe6 21. dxc5
Be5 22. Rxb8 Rxb8 23. Bd4 Nc6 24. Qa1 Qd5 25. Rd1 e3+ 26. Bf3 Be4 27. Bxe4
Qxe4+ 28. f3 Qxc2 29. Bxe3 Bxc3 30. Qc1 Qa4 31. Rd6 Be5 32. Qd1 Qxa2 33. Rd2
Qa3 34. Rd3 Qa2 35. Rd2 Qa3 36. Bf2 a5 37. f4 Bf6 38. Rd6 Qb2 39. Ne2 Qb5 40.
Kg2 a4 41. Nc1 1/2-1/2

[Event "AUT-chT 1999/2000"]
[Site "Fürstenfeld"]
[Date "2000.01.15"]
[Round "7.1"]
[White "Hickl, Joerg"]
[Black "Movsesian, Sergei"]
[Result "1/2-1/2"]
[WhiteElo "2553"]
[BlackElo "2659"]
[PlyCount "64"]
[EventDate "2000.01.15"]

1. g3 e5 2. Bg2 d5 3. d3 Nf6 4. Nf3 Bd6 5. Nc3 O-O 6. O-O h6 7. e4 c6 8. Re1
Re8 9. h3 Na6 10. Nh4 Nc7 11. a3 Rb8 12. Qf3 b5 13. Nf5 Bf8 14. g4 a5 15. g5
hxg5 16. Bxg5 d4 17. Ne2 Ne6 18. Nh6+ gxh6 19. Bxf6 Ng5 20. Bxd8 Nxf3+ 21. Bxf3
Rxd8 22. Kg2 Be7 23. Bg4 a4 24. Rg1 Kh7 25. f4 exf4 26. Nxf4 Bd6 27. Raf1 Be5
28. Kh1 Bxg4 29. Rxg4 Rg8 30. Rxg8 Rxg8 31. Nh5 Rg5 32. Nf6+ Kg7 1/2-1/2

[Event "AUT-chT 1999/2000"]
[Site "Fürstenfeld"]
[Date "2000.01.15"]
[Round "7.2"]
[White "Lehner, Oliver"]
[Black "Atlas, Valery"]
[Result "1/2-1/2"]
[WhiteElo "2401"]
[BlackElo "2465"]
[PlyCount "90"]
[EventDate "2000.01.15"]

1. d4 Nf6 2. c4 e6 3. g3 Bb4+ 4. Bd2 Be7 5. Bg2 d5 6. Nf3 O-O 7. Qc2 c6 8. O-O
b6 9. Bf4 Ba6 10. Nbd2 Nbd7 11. Rfe1 Nh5 12. cxd5 Nxf4 13. gxf4 cxd5 14. f5 Qc8
15. Qb3 exf5 16. Qxd5 Nf6 17. Qe5 Qd7 18. e4 fxe4 19. Nxe4 Rae8 20. Nc3 Bb7 21.
Qg3 Bxf3 22. Bxf3 Qxd4 23. Rad1 Qb4 24. Re2 Bc5 25. Red2 Re6 26. Kh1 Rfe8 27.
a3 Qb3 28. Nd5 Nxd5 29. Bxd5 Qxg3 30. hxg3 Re2 31. Kg2 a5 32. Bc4 Rxd2 33. Rxd2
g6 34. Rd7 Rf8 35. a4 Kg7 36. g4 h6 37. f4 Kf6 38. Kf3 Kg7 39. g5 hxg5 40. fxg5
Bb4 41. b3 Bc5 42. Bd5 Ba3 43. Kg4 Bc1 44. Bc4 Be3 45. Re7 Bc5 1/2-1/2